Heart of the world /

Bibliographic Details
Main Author: Haggard, H. Rider (Henry Rider), 1856-1925
Format: Book
Language:English
Published: London : Macdonald, 1954.
Edition:Macdonald illustrated ed.

MARC

Tag First Indicator Second Indicator Subfields
LEADER 00000cam a2200000 a 4500
001 in00000072609
005 20151008053452.0
008 820128r19541895enkaf 000 1 eng d
010 |z  40406600  
035 |a (OCoLC)08104920 
035 |9 AAH7524AM 
040 |a TXA  |c TXA  |d UtOrBLW 
049 |a TXAM [Also in] [Sp Coll]  |c 1 [474509]  |a TXAS [scif]  |c 2 
090 |a PR4731  |b .H4 1954 
100 1 |a Haggard, H. Rider  |q (Henry Rider),  |d 1856-1925. 
245 1 0 |a Heart of the world /  |c H. Rider Haggard ; illustrated by Hookway Cowles. 
250 |a Macdonald illustrated ed. 
264 1 |a London :  |b Macdonald,  |c 1954. 
300 |a viii, 304 pages, 7 unnumbered leaves of plates :  |b illustrations ;  |c 19 cm. 
336 |a text  |b txt  |2 rdacontent 
337 |a unmediated  |b n  |2 rdamedia 
338 |a volume  |b nc  |2 rdacarrier 
500 |a Originally published: New York : Longmans, Green, 1895. 
500 |a "First published in this edition 1954"--Title page verso. 
510 4 |a Cf. Reginald, R. Science fiction and fantasy literature,  |c no. 06539. 
999 |a MARS 
999 f f |s ed11c7d1-b2b6-3b04-82e1-a753c29f7ad6  |i 94e1d46f-92b0-3efb-b27d-9193cbd9c37d  |t 0 
952 f f |p normal  |a Texas A&M University  |b College Station  |c Sterling C. Evans Library  |d Evans: Library Stacks  |t 0  |e PR4731 .H4 1954  |h Library of Congress classification  |i unmediated -- volume  |m A14806185342 
952 f f |p noncirc  |a Texas A&M University  |b College Station  |c Cushing Memorial Library & Archives  |d Cushing: Science Fiction (Does not check out)  |t 0  |e PR4731 .H4 1954  |h Library of Congress classification  |i unmediated -- volume 
952 f f |p noncirc  |a Texas A&M University  |b College Station  |c Cushing Memorial Library & Archives  |d Cushing: Literature/Haggard (Does not check out)  |t 0  |e PR4731 .H4 1954  |h Library of Congress classification  |i unmediated -- volume 
998 f f |a PR4731 .H4 1954  |t 0  |l Cushing: Literature/Haggard (Does not check out) 
998 f f |a PR4731 .H4 1954  |t 0  |l Evans: Library Stacks 
998 f f |a PR4731 .H4 1954  |t 0  |l Cushing: Science Fiction (Does not check out)